BAFTA Best Actresses - Statistics

General Stats
  • This quiz has been taken 296 times
  • The average score is 49 of 79
Answer Stats
Year Film Answer % Correct
1981 The French Lieutenant's Woman Meryl Streep
99%
2011 The Iron Lady Meryl Streep
99%
2000 Erin Brokovich Julia Roberts
95%
2010 Black Swan Natalie Portman
95%
2006 The Queen Helen Mirren
94%
1953 Roman Holiday Audrey Hepburn
92%
1959 The Nun's Story Audrey Hepburn
92%
1964 Charade Audrey Hepburn
92%
1998 Elizabeth Cate Blanchett
92%
2013 Blue Jasmine Cate Blanchett
92%
1991 The Silence of the Lambs Jodie Foster
92%
2008 The Reader Kate Winslet
90%
2005 Walk the Line Reese Witherspoon
90%
1997 Mrs Brown Judi Dench
89%
2001 Iris Judi Dench
89%
2002 The Hours Nicole Kidman
89%
1968 The Lion in Winter/Guess Who's Coming to Dinner Katherine Hepburn
88%
1982 On Golden Pond Katherine Hepburn
88%
1992 Howards End Emma Thompson
87%
1995 Sense and Sensibility Emma Thompson
87%
2014 Still Alice Julianne Moore
86%
1969 The Prime of Miss Jean Brodie Maggie Smith
86%
1984 A Private Function Maggie Smith
86%
1986 A Room with a View Maggie Smith
86%
1988 The Lonely Passion of Judith Hearne Maggie Smith
86%
1972 Cabaret Liza Minnelli
85%
1960 Saturday Night and Sunday Morning Rachel Roberts
85%
1963 This Sporting Life Rachel Roberts
85%
1977 Annie Hall Diane Keaton
84%
1966 Who's Afraid of Virginia Woolf Elizabeth Taylor
84%
2007 La Vie en Rose Marion Cotillard
80%
1952 A Streetcar Named Desire Vivien Leigh
80%
2003 Lost In Translation Scarlett Johansson
79%
1993 The Piano Holly Hunter
77%
1990 Driving Miss Daisy Jessica Tandy
75%
1978 Julia Jane Fonda
74%
1979 The China Syndrome Jane Fonda
74%
1983 Educating Rita Julie Walters
67%
1999 American Beauty Annette Bening
65%
1976 One Flew Over the Cuckoo's Nest Louise Fletcher
64%
2004 Vera Drake Imelda Staunton
63%
1994 The Client Susan Sarandon
63%
1975 Alice Doesn't Live Here Anymore Ellen Burstyn
60%
2009 An Education Carey Mulligan
59%
1961 Two Women Sophia Loren
59%
1959 Ask Any Girl Shirley Maclaine
58%
1960 The Apartment Shirley Maclaine
58%
1962 The Miracle Worker Anne Bancroft
57%
1964 The Pumpkin Eater Anne Bancroft
57%
1987 84 Charing Cross Road Anne Bancroft
57%
1965 Darling Julie Christie
57%
1996 Secrets and Lies Brenda Blethyn
53%
1971 Sunday Bloody Sunday Glenda Jackson
52%
1980 My Brilliant Career Judy Davis
52%
1989 Shirley Valentine Pauline Collins
48%
1963 Hud Patricia Neal
47%
1965 In Harm's Way Patricia Neal
47%
2012 Amour Emmanuelle Riva
45%
1985 A Passage to India Peggy Ashcroft
40%
1952 Golden Helmet Simone Signoret
40%
1957 The Crucible Simone Signoret
40%
1958 Room at the Top Simone Signoret
40%
1956 The Rose Tattoo Anna Magnani
39%
1974 Summer Wishes, Winter Dreams Joanne Woodward
31%
1970 Butch Cassidy and the Sundance Kid/Tell Them Willie Boy Is Here Katherine Ross
28%
1953 Lili Leslie Caron
26%
1962 The L-Shaped Room Leslie Caron
26%
1967 A Man and a Woman Anouk Aimee
25%
1955 The Ladykillers Katie Johnson
20%
1967 The Whisperers Edith Evans
18%
1961 A Taste of Honey Dora Bryan
13%
1966 Viva Maria! Jeanne Moreau
13%
1956 A Town Like Alice Virginia McKenna
13%
1955 Marty Betsy Blair
9%
1973 Just Before Nightfall/The Discreet Charm of the Bourgeoisie Stephane Audran
8%
1957 The Story of Esther Costello Heather Sears
6%
1954 The Divided Heart Yvonne Mitchell
6%
1954 The Divided Heart Cornell Borchers
5%
1958 Orders to Kill Irene Worth
4%
No matching quizzes found
Score Distribution
Percent of People with Each Score
Percentile by Number Answered
Your Score History
You have not taken this quiz